000
00270nam a2200109Ia 4500
008
220204s9999 xx 000 0 und d
082
_a
82-3
_b
GRE
100
_a
Greatorex, Wilfred
245
0
_a
Three potato four
260
_a
New York
_b
Popular Library
_c
1976
942
_c
BK
999
_c
35112
_d
35112